000 00557nam a2200193Ia 4500
005 20250326141209.0
008 250326s9999 xx 000 0 und d
020 _a81-85224-45-5
037 _aTextbook
040 _aFMSL
_beng
_cFMSL
041 _aeng
_2eng
084 _aX625g N5
_qFMSL
100 _aVerma J C
245 0 _aManual of merchant banking: Concepts practices and procedures
_cVerma J C
260 _aNew Delhi
_bNew Delhi, Bharat Law House
_c1993
300 _a1311p
942 _cTB
_hX625g N5
999 _c1289172
_d1289172